000 01023nas a2200337 4500
001 BR2017001442
003 BR-BrBNA
005 20231205130943.0
007 ta
008 230509b bl.|||p| |||| 00| 00por d
040 _aBR-BrBNA
_bpor
_cBiblioteca Nacional de Agricultura
041 _a(Pt)
072 _aQ04
100 1 _aSilva, R.F. da
100 1 _aFarias, A.L. de
100 1 _aVasconcelos, J.M.C.
100 1 _aSoares, E.A.
100 1 _aLopes, F.M.A.
100 1 _aVerrum-Bernardi, M.R.
245 1 _aAvaliação sensorial e intenção de compra de achocolatado em pó
650 _aALIMENTO PREPARADO
650 _aANÁLISE ORGANOLÉPTICA
650 _aSABOR
650 _aCOR
650 _aMERCADO
650 _aCONSUMIDOR
773 0 _tRevista Agrotecnologia (Brazil)
_xISSN 2179-5959
_g(2015), v. 6(2) p. 72-80
_wBR2017001442
856 4 0 _uhttp://www.revista.ueg.br/index.php/agrotecnologia/article/view/4466/pdf
909 _a202311
_bLúcia
_c55
_dLúcia Elande
942 _2AGRIS
_n0
_cANA
999 _c252246
_d252246